TOP 5 miast w każdym województwie Polski pod względem liczby ludności - Statystyki

Ogólne statystyki
  • Ten quiz został rozwiązany 253 razy
  • Średni wynik to 49 z 80
Statystyki odpowiedzi
Województwo Liczba mieszkańców Miasto % Poprawnych
mazowieckie 1 729 119 Warszawa
93%
dolnośląskie 641 928 Wrocław
93%
kujawsko-pomorskie 354 006 Bydgoszcz
90%
łódzkie 677 286 Łódź
90%
małopolskie 779 966 Kraków
89%
lubelskie 339 547 Lublin
89%
pomorskie 470 633 Gdańsk
88%
pomorskie 244 104 Gdynia
88%
kujawsko-pomorskie 199 469 Toruń
88%
podlaskie 297 585 Białystok
86%
śląskie 303 314 Katowice
85%
opolskie 128 012 Opole
85%
wielkopolskie 533 830 Poznań
85%
zachodniopomorskie 396 472 Szczecin
82%
mazowieckie 217 834 Radom
81%
świętokrzyskie 195 774 Kielce
80%
podkarpackie 196 638 Rzeszów
80%
lubuskie 140 874 Zielona Góra
80%
lubuskie 123 691 Gorzów Wielkopolski
77%
śląskie 231 527 Częstochowa
75%
warmińsko-mazurskie 171 853 Olsztyn
74%
warmińsko-mazurskie 119 097 Elbląg
71%
mazowieckie 122 572 Płock
71%
podlaskie 69 786 Suwałki
71%
dolnośląskie 98 436 Legnica
70%
lubelskie 63 223 Zamość
68%
śląskie 184 993 Gliwice
67%
dolnośląskie 71 710 Lubin
67%
zachodniopomorskie 105 801 Koszalin
66%
podkarpackie 59 779 Przemyśl
66%
lubelskie 61 588 Chełm
65%
małopolskie 107 498 Tarnów
65%
dolnośląskie 109 971 Wałbrzych
65%
śląskie 177 815 Zabrze
65%
małopolskie 83 558 Nowy Sącz
64%
śląskie 210 249 Sosnowiec
63%
kujawsko-pomorskie 111 086 Włocławek
63%
warmińsko-mazurskie 62 125 Ełk
62%
wielkopolskie 99 761 Kalisz
62%
kujawsko-pomorskie 71 674 Inowrocław
61%
łódzkie 72 785 Piotrków Trybunalski
61%
dolnośląskie 78 335 Jelenia Góra
60%
zachodniopomorskie 45 930 Kołobrzeg
60%
lubelskie 57 194 Biała Podlaska
59%
podlaskie 62 795 Łomża
59%
pomorskie 89 180 Słupsk
59%
kujawsko-pomorskie 94 406 Grudziądz
58%
wielkopolskie 73 176 Konin
56%
podkarpackie 60 075 Mielec
54%
mazowieckie 59 796 Pruszków
54%
podkarpackie 46 360 Tarnobrzeg
54%
wielkopolskie 72 949 Piła
53%
zachodniopomorskie 40 696 Świnoujście
53%
łódzkie 56 740 Bełchatów
52%
opolskie 60 383 Kędzierzyn-Koźle
51%
lubelskie 47 226 Puławy
51%
świętokrzyskie 23 644 Sandomierz
51%
mazowieckie 76 585 Siedlce
51%
podkarpackie 59 623 Stalowa Wola
49%
świętokrzyskie 69 051 Ostrowiec Świętokrzyski
48%
zachodniopomorskie 67 430 Stargard
48%
podlaskie 30 135 Augustów
46%
opolskie 43 580 Nysa
45%
łódzkie 64 445 Pabianice
45%
łódzkie 61 645 Tomaszów Mazowiecki
45%
świętokrzyskie 48 965 Starachowice
41%
małopolskie 37 569 Oświęcim
40%
pomorskie 59 105 Tczew
40%
lubuskie 38 763 Nowa Sól
39%
świętokrzyskie 45 358 Skarżysko-Kamienna
38%
warmińsko-mazurskie 33 315 Iława
37%
opolskie 23 396 Kluczbork
36%
wielkopolskie 71 829 Ostrów Wielkopolski
36%
warmińsko-mazurskie 32 816 Ostróda
34%
pomorskie 49 672 Rumia
34%
opolskie 35 491 Brzeg
31%
lubuskie 37 502 Żary
31%
małopolskie 36 118 Chrzanów
29%
lubuskie 25 731 Żagań
29%
podlaskie 25 158 Bielsk Podlaski
27%
Nie znaleziono quizów pasujących do podanych kryteriów
Rozkład punktacji
Procent ludzi z każdym wynikiem
Percentyl według liczby udzielonych odpowiedzi
Twoja historia wyników
Nie rozwiązałeś tego quizu